Saint Taruells Bell

Bibliographic Details
Main Author: Fisher, Catherine
Format: Book
Published: Great Britain : Swift Children's Books , 1990
Subjects:

MARC

LEADER 00000cam a2200000 7i4500
001 0000003821
002 000004120
005 20000330.0
020 |a 0862208998 
090 0 0 |a JF   |b FIS 
100 1 |a Fisher, Catherine 
245 1 0 |a Saint Taruells Bell   |c Catherine Fisher ; illustrated by Don King 
260 |a Great Britain :   |b Swift Children's Books ,   |c 1990 
300 |a 100p. :   |b ill ;   |c 20cm. 
650 0 0 |a Children's stories 
999 |a 032390   |b BUKU   |c JUNIOR FICTION   |e PERPUSTAKAAN KOMUNITI PETALING JAYA 
999 |a 032391   |b BUKU   |c PINJAMAN   |e PERPUSTAKAAN KOMUNITI PETALING JAYA 
999 |a 032392   |b BUKU   |c PINJAMAN   |e PERPUSTAKAAN KOMUNITI PETALING JAYA